书目信息 |
| 题名: |
中韩文化概述
|
|
| 作者: | 李鹤飞, 主编 | |
| 分册: | ||
| 出版信息: | 北京 中国商务出版社 2019 |
|
| 页数: | 322页 | |
| 开本: | 24cm | |
| 丛书名: | ||
| 单 册: | ||
| 中图分类: | G131.262 , G122 | |
| 科图分类: | ||
| 主题词: | 文化研究--wen hua yan jiu--韩国 , 比较文化--bi jiao wen hua--研究--中国--韩国 | |
| 电子资源: | ||
| ISBN: | 978-7-5103-2678-3 | |
| 000 | 01118nam0 2200289 450 | |
| 001 | 012001003891 | |
| 005 | 20140114160813.0 | |
| 010 | @a978-7-5103-2678-3@dCNY66.00 | |
| 099 | @aCAL 012019080923 | |
| 100 | @a20190621d2019 em y0chiy50 ea | |
| 101 | 0 | @achi |
| 102 | @aCN@b110000 | |
| 105 | @aak a 000yy | |
| 106 | @ar | |
| 200 | 1 | @a中韩文化概述@Azhong han wen hua gai shu@f李鹤飞主编 |
| 210 | @a北京@c中国商务出版社@d2019 | |
| 215 | @a322页@c图@d24cm | |
| 314 | @a李鹤飞, 女, 1978年9月出生, 博士, 副研究馆员。现就职于华北理工大学。 | |
| 320 | @a有书目 (第320-322页) | |
| 330 | @a全书共五部分。 第一部分介绍韩国历史。第二部分介绍韩国经济和教育。第三部分介绍韩国服饰、饮食、旅游等系列内容, 第四部分介绍韩国的传统文化、流行文化及韩国的文化输出政策等。第五部分介绍中韩文化比较, 透过两国历史发展脉络及民族特性, 分析两国文化异同。 | |
| 606 | 0 | @a文化研究@Awen hua yan jiu@y韩国 |
| 606 | 0 | @a比较文化@Abi jiao wen hua@x研究@y中国@y韩国 |
| 690 | @aG131.262@v5 | |
| 690 | @aG122@v5 | |
| 701 | 0 | @a李鹤飞,@Ali he fei@f1978-@4主编 |
| 801 | @b江苏凤凰@c20191020 | |
| 905 | @b1237314-9@dG131.262@e288@f6 | |
| 中韩文化概述/李鹤飞主编.-北京:中国商务出版社,2019 |
| 322页:图;24cm |
| ISBN 978-7-5103-2678-3:CNY66.00 |
| 全书共五部分。 第一部分介绍韩国历史。第二部分介绍韩国经济和教育。第三部分介绍韩国服饰、饮食、旅游等系列内容, 第四部分介绍韩国的传统文化、流行文化及韩国的文化输出政策等。第五部分介绍中韩文化比较, 透过两国历史发展脉络及民族特性, 分析两国文化异同。 |
| ● |
| 相关链接 |
|
|
|
|
正题名:中韩文化概述
索取号:G131.262/288
 
预约/预借
| 序号 | 登录号 | 条形码 | 馆藏地/架位号 | 状态 | 备注 |
| 1 | 1237314 | 212373144 | 第一样本阅览室/ [索取号:G131.262/288] | 在馆 | |
| 2 | 1237315 | 212373153 | 教育系资料室/ [索取号:G131.262/288] | 在馆 | |
| 3 | 1237316 | 212373162 | 教育系资料室/ [索取号:G131.262/288] | 在馆 | |
| 4 | 1237317 | 212373171 | 第四借阅区/ [索取号:G131.262/288] | 在馆 | |
| 5 | 1237318 | 212373180 | 第四借阅区/ [索取号:G131.262/288] | 在馆 | |
| 6 | 1237319 | 212373199 | 第四借阅区/ [索取号:G131.262/288] | 在馆 |